English vocabulary in use upper intermediate(0 521 66435 7)

Uloženo v:
Podrobná bibliografie
Hlavní autor: MICHAEL McCARTHY
Médium: Kniha
Jazyk:Undetermined
Vydáno: Cambridge 2001
Tagy: Přidat tag
Žádné tagy, Buďte první, kdo otaguje tento záznam!
Thư viện lưu trữ: Trung tâm Học liệu Trường Đại học Cần Thơ
LEADER 00453nam a2200145Ia 4500
001 CTU_49212
008 210402s9999 xx 000 0 und d
082 |a 428.24 
082 |b M121 
100 |a MICHAEL McCARTHY 
245 0 |a English vocabulary in use upper intermediate(0 521 66435 7) 
245 0 |c MICHAEL McCARTHY, MICHAEL MC CARTHY, Felicity O'Dell 
260 |b Cambridge 
260 |c 2001 
980 |a Trung tâm Học liệu Trường Đại học Cần Thơ